| 000 | 00678nam a2200217 a 4500 | ||
|---|---|---|---|
| 005 | 20210223125436.0 | ||
| 008 | 040924s1985 es r 000 0 spa d | ||
| 020 | _a843458171X | ||
| 035 | _aUPN01000134853 | ||
| 049 | _aCG | ||
| 050 | 4 |
_aTK140 E3 _bV6.4 |
|
| 100 | 1 | _aVögtle, Fritz | |
| 245 | 1 | 0 |
_aEdison / _cFritz Vögtle ; pról. Manuel Toharia ; tr. Miguel Ruiz Schwarzer. |
| 260 |
_aBarcelona, Esp. : _bSalvat, _c1985. |
||
| 300 |
_a199 p. : _bil. |
||
| 440 | 0 |
_aBiblioteca Salvat de grandes biografías ; _v26 |
|
| 534 |
_pTraducción de: _tEdison |
||
| 600 | 1 | 4 |
_aEDISON, THOMAS ALVA, _d1847-1931 _912698 |
| 650 | 4 |
_aINVENTORES - _vBIOGRAFIA _918890 |
|
| 905 | _aLibro | ||
| 999 |
_c107004 _d107004 |
||